|
|
|
|
| LEADER |
00000nam a2200000 a 4500 |
| 001 |
vtls001209703 |
| 003 |
SK-MaSNL |
| 005 |
20260302091614.0 |
| 008 |
240226s1991 xo 000 0 slo |
| 035 |
|
|
|a SNK000152773
|
| 035 |
|
|
|a urn:nbn:sk:snk-amkuqg
|
| 035 |
|
|
|a urn:nbn:sk:snk-am004gb4
|
| 035 |
|
|
|a 8BFFAD72-8816-45EA-922D-50E8679795F8
|
| 040 |
|
|
|a SNK
|b slo
|c SNK
|e AACR2
|
| 041 |
0 |
|
|a slo
|
| 044 |
|
|
|a xo
|c SK
|
| 080 |
|
|
|a 792.2(083.97)
|2 1981
|
| 245 |
0 |
0 |
|a Ministerstvo kultúry Slovenskej republiky, ... si Vás dovoľujú pozvať na divadelné predstavenie Mišo K. Adamov. Rozhovory so zabudnutým
|b pri príležitosti 150. výročia narodenia A. Kmeťa ... : [pozvánka]
|
| 246 |
1 |
0 |
|a Mišo K. Adamov. Rozhovory so zabudnutým
|
| 250 |
|
|
|a 1. vyd.
|
| 260 |
|
|
|a Trnava
|b s.n.
|c 1991
|
| 300 |
|
|
|a 1 list ([1] s.)
|c 30 x 21 cm
|
| 500 |
|
|
|a Uspor. Ministerstvo kultúry SR, Bratislava, Spolok sv. Vojtecha, Trnava a Západoslovenské múzeum, Trnava. Hrá Trnavské divadlo, Trnava dňa 11.11.1991
|
| 648 |
|
7 |
|a 1991
|2 SNK
|9 277043
|
| 650 |
0 |
7 |
|a divadelné predstavenia
|2 SNK
|9 3328
|
| 651 |
|
7 |
|a Trnava (Slovensko)
|2 SNK
|9 19407
|
| 655 |
|
7 |
|a pozvánky
|2 SNK
|9 71913
|
| 710 |
1 |
|
|a Slovensko.
|b Ministerstvo kultúry
|4 orm
|9 145780
|
| 710 |
2 |
|
|a Spolok sv. Vojtecha (Trnava, Slovensko)
|4 orm
|9 34261
|
| 710 |
2 |
|
|a Západoslovenské múzeum v Trnave
|4 orm
|9 33512
|
| 958 |
|
|
|a RM
|
| 999 |
|
|
|c 1201385
|d 1203315
|
| 952 |
|
|
|t P60, <03>, [BOOK], {603}
|a SNK
|b SNK
|y PREZ
|7 0
|p 17A0217855
|o snkLSB 1469
|0 0
|1 0
|4 0
|d 1999-10-29
|f 1
|l 0
|r 2005-01-01 00:00:00
|w 2026-02-24
|